| 000 | 00000nas 2200000za 4500 |
| 001 | 9.834866 |
| 003 | CaOODSP |
| 005 | 20221107150530 |
| 007 | cr ||||||||||| |
| 008 | 170405u1966 onc x m o f0###|0fre|d |
| 040 | |aCaOODSP|bfre |
| 043 | |an-cn--- |
| 086 | 1 |aM38-8F-PDF|zM38-8 |
| 110 | 1 |aCanada. |bÉnergie, mines et ressources Canada. |
| 245 | 00|aSérie réimprimée - Ministère de l'énergie, des mines et des ressources, Direction des mines |h[ressource électronique]. |
| 260 | |aOttawa : |bMinistère de l'énergie, des mines et des ressources, Direction des mines, |c1966- |
| 300 | |av. : |bill. |
| 310 | |aIrrégulier. |
| 500 | |aPublié en anglais sous le titre : Reprint series - Dept. of Energy, Mines and Resources, Mines Branch. |
| 500 | |aÉdition numérisée de l’imprimée 2017 [par Ressources naturelles Canada] |
| 504 | |aComprend des réf. bibliogr. |
| 692 | 07|2gccst|aMining industry |
| 692 | 07|2gccst|aMinerals |
| 710 | 1 |aCanada. |bDirection des mines. |
| 775 | 08|tReprint series - Dept. of Energy, Mines and Resources, Mines Branch |w(CaOODSP)9.834843 |